| 000 | 00961cam a22002893a 4500 | ||
|---|---|---|---|
| 001 | 6309 | ||
| 003 | PGUSA | ||
| 005 | 20140828083130.0 | ||
| 008 | 040801s2004||||xxu|||||s|||||000 1 eng d | ||
| 040 |
_aPGUSA _beng |
||
| 042 | _adc | ||
| 050 | 4 | _aPQ | |
| 100 | 1 |
_aTinseau, Léon de, _d1844-1921 |
|
| 245 | 1 | 0 |
_aMa Cousine Pot-Au-Feu _h[electronic resource] / _cLéon de Tinseau |
| 260 |
_bProject Gutenberg, _c2004 |
||
| 506 | _aPublic domain in the USA. | ||
| 516 | _aElectronic text | ||
| 653 | _aFamilies -- Fiction | ||
| 653 | _aFrance -- History -- Louis Philippe, 1830-1848 -- Fiction | ||
| 653 | _aCousins -- Fiction | ||
| 653 | _aFrance -- History -- July Revolution, 1830 -- Fiction | ||
| 653 | _aUpper class -- France -- History -- 19th century -- Fiction | ||
| 653 | _aFrance -- Social life and customs -- 19th century -- Fiction | ||
| 830 | 0 |
_aProject Gutenberg _v6309 |
|
| 856 | 4 | 0 | _uhttp://www.gutenberg.org/ebooks/6309 |
| 942 | _cEB | ||
| 999 |
_c235632 _d235632 |
||